000 00339cam a22001217a 4500
008 180718b1986 xxu||||| |||| 00| 0 eng d
082 _aT47x54 M697
100 _aMitra, P.K.
245 _aAggregate savings of the Indian economy
_cby P.K. Mitra
260 _aDelhi
_bAjanta
_c1986
300 _a80p.
650 _aSaving and investment - India
999 _c349199
_d349199